000 00313nam a2200109Ia 4500
005 20251222154305.0
008 251222s9999||||xx |||||||||||||| ||spa||
020 _a978-9972-2874-9-7
082 _a304.838.5/O65
245 0 _a"Perú: Estadàstica de la migración internacional de peruanos, 1990-2008"
942 _cLIB
999 _c33197
_d33197